Central Library OPAC University of Rajshahi

The bridge of San Luis Rey / (Record no. 56194)

MARC details
000 -LEADER
fixed length control field 00868nam a2200265 a 4500
001 - CONTROL NUMBER
control field 56194
003 - CONTROL NUMBER IDENTIFIER
rucl marc code BD-RjUL
005 - DATE AND TIME OF LATEST TRANSACTION
control field 20211209080351.0
008 - FIXED-LENGTH DATA ELEMENTS--GENERAL INFORMATION
fixed length control field 161127s1953 nyua a 000 0 eng
035 ## - SYSTEM CONTROL NUMBER
System control number (BD-RjUL)56318
040 ## - CATALOGING SOURCE
Original cataloging agency DLC
Transcribing agency DLC
Modifying agency BD-RjUL
Language of cataloging eng
041 ## - LANGUAGE CODE
Language code of text/sound track or separate title eng
082 ## - DEWEY DECIMAL CLASSIFICATION NUMBER
Edition number 23
Classification number 791.4372
Author mark and year WIB 1953
100 1# - MAIN ENTRY--PERSONAL NAME
Personal name Wilder, Thornton,
Dates associated with a name 1897-1975.
9 (RLIN) 167243
245 14 - TITLE STATEMENT
Title The bridge of San Luis Rey /
Statement of responsibility, etc. by Thornton Wilder ; illustrated by Amy Drevenstedt.
260 ## - PUBLICATION, DISTRIBUTION, ETC. (IMPRINT)
Place of publication, distribution, etc. New York :
Name of publisher, distributor, etc. A.B.C.
Date of publication, distribution, etc. 1954
300 ## - PHYSICAL DESCRIPTION
Pagination 235 p. :
Illustrations ill. ;
Size 21 cm.
500 ## - GENERAL NOTE
General note Call number of original: PZ3.W6468 Br12.
General note Master microform held by: DLC.
650 #0 - SUBJECT ADDED ENTRY--TOPICAL TERM
Topical term or geographic name as entry element Bridges
General subdivision Accidents
Geographic subdivision Peru
Form subdivision Fiction.
9 (RLIN) 167244
Topical term or geographic name as entry element Accident victims
Form subdivision Fiction.
9 (RLIN) 167245
651 #0 - SUBJECT ADDED ENTRY--GEOGRAPHIC NAME
Geographic name Peru
Form subdivision Fiction.
9 (RLIN) 167246
942 ## - ADDED ENTRY ELEMENTS (KOHA)
Source of classification or shelving scheme Dewey Decimal Classification
Koha item type Books
Holdings
Lost status Source of classification or shelving scheme Damaged status Not for loan Collection code Permanent Location Current Location Shelving location Date acquired Source of acquisition Cost, normal purchase price Total Checkouts Full call number Date last seen Copy number Koha item type
  Dewey Decimal Classification     Non-fiction Central Library, University of Rajshahi Central Library, University of Rajshahi   02/03/1954 Zeitlinger 25.00   791.4372 WIB 1953 27/11/2016 C-2 Books